000 00526nam a2200145 a 4500
008 110815s2011 ||||||||||||||||| || u
050 _aGOV.ZAM(02)2011/4
110 _aGovernment of the Republic of Zambia (GRZ)
245 1 0 _aBranches of Government
260 _aLusaka
_bGovernment Printer
_c2011
300 _ai, 12p.
350 _a0.00
650 _aGOVERNMENT
995 _D0.00
_FCBU-MAIN LIBRARY (Kitwe)
_H1
_I0.00
_M1
_UAVAILABLE
_WAug 22, 2011
_ZZambiana Collection
999 _c36088
_d36088